书目信息 |
| 题名: |
关于自然科学发展规律的几个问题
|
|
| 作者: | 龚育之 著 | |
| 分册: | ||
| 出版信息: | 上海 上海人民出版社 1978 |
|
| 页数: | 268页 | |
| 开本: | 20cm | |
| 丛书名: | ||
| 单 册: | ||
| 中图分类: | N33 | |
| 科图分类: | ||
| 主题词: | 自然科学--科学实验 , 自然科学--实验设备 | |
| 电子资源: | ||
| ISBN: | ||
| 000 | 00663nam2 2200241 45 | |
| 001 | 0178001543 | |
| 005 | 20070706145034.37 | |
| 010 | @dCNY0.91 | |
| 091 | @a2074.241 | |
| 100 | @a19950725d1978 em y0chiy0121 ea | |
| 101 | 0 | @achi |
| 102 | @aCN@b310000 | |
| 105 | @ay z 000yy | |
| 200 | 10 | @a关于自然科学发展规律的几个问题@Aguan yu zi ran ke xue fa zhan gui lv de ji ge wen ti@f龚育之著 |
| 205 | @a2版 | |
| 210 | @a上海@c上海人民出版社@d1978 | |
| 215 | @a268页@d20cm | |
| 606 | 0 | @a自然科学@x科学实验 |
| 606 | 0 | @a自然科学@x实验设备 |
| 690 | @aN33@v3 | |
| 701 | 0 | @a龚育之@Agong yu zhi@4著 |
| 801 | 0 | @aCN@bNLC@c20070706 |
| 905 | @f2@b4723-724@dN33@e1 | |
| 关于自然科学发展规律的几个问题/龚育之著.-2版.-上海:上海人民出版社,1978 |
| 268页;20cm |
| ISBN :CNY0.91 |
| ● |
| 相关链接 |
|
|
|
|
正题名:关于自然科学发展规律的几个问题
索取号:N33/1
 
预约/预借
| 序号 | 登录号 | 条形码 | 馆藏地/架位号 | 状态 | 备注 |
| 1 | 0004723 | 001857967 | 密集书库/ [索取号:N33/1] | 在馆 | |
| 2 | 0004724 | 001858001 | 密集书库/ [索取号:N33/1] | 在馆 | |
| 3 | 0438718 | 204387181 | 密集书库/ [索取号:N33/1] | 在馆 | |
| 4 | 0766810 | 207668102 | 密集书库/ [索取号:N33/1] | 在馆 |